000 00460nam a2200169 a 4500
001 16461
005 20180713205413.0
008 140415s1960 000 0 spa d
041 _aspa
082 _a110
_bSCI
100 1 _aSCIACCA, MICHELE FEDERICO
245 1 0 _aPERSPECTIVA DE LA METAFISICA DE SANTO TOMAS
260 _a[s.l.] :
_bSPEIRO,
_c1960
300 _a182
650 1 4 _aMETAFISICA
_xONTOLOGIA
700 1 _aMONSEGU, BERNARDO
_etr.
999 _c16461
_d16461